[Event "23rd Hoogeveen Open 2019"]
[Site "Hoogeveen"]
[Date "2019.10.22"]
[Round "5.29"]
[White "Faber, Hugo"]
[Black "Ricken, Katharina"]
[Result "1/2-1/2"]
[WhiteElo "2077"]
[BlackElo "1970"]
[Annotator "NA"]
[PlyCount "89"]
[EventDate "2019.10.19"]
[EventType "swiss"]
[EventCountry "NED"]
[SourceTitle "playchess.com"]
[Source "ChessBase"]
[SourceQuality "1"]
[TimeControl "40/5400+30:1800+30"]

{[%evp 19,90,15,32767,0,32767,32767,6,12,32767,-65,-56,-58,-11,32767,32767,32767,32767,32767,32767,-36,32767,-27,32767,-35,32767,32767,32767,-35,-28,-30,32767,32767,25,32767,18,19,25,19,20,15,47,10,78,0,11,1,32767,18,20,32767,32767,32,32767,0,32767,32767,187,28,32767,45,32767,32767,32767,32767,32767,32767,32767,0,32767,0,31,0,29]} 1. e4 {[%emt 0:00:00]} e6 {[%emt 0:00:00]} 2. d4 {[%emt 0:00:03]} d5 {[%emt 0:00:00]} 3. Nd2 {[%emt 0:00:19]} c5 {[%emt 0:00:00]} 4. exd5 {[%emt 0:01:12]} exd5 {[%emt 0:00:00]} 5. Bb5+ {[%emt 0:00:47]} Nc6 {[%emt 0:00:22]} 6. Ngf3 {[%emt 0:00:30]} Qe7+ {[%emt 0:00:06]} 7. Be2 {[%emt 0:00:34]} Qc7 {[%emt 0:00:04] C09: French Tarrasch: 3...c5 4 exd5 exd5 5 Ngf3 Nc6} 8. O-O {[%emt 0:02:08]} Nf6 {[%emt 0:00:02]} 9. Re1 {[%emt 0:08:29]} Be6 {[%emt 0:00:20]} (9... cxd4 10. Bb5+ Be7 11. Nxd4 O-O 12. N2f3 Nxd4 13. Nxd4 Bc5 14. c3 Qb6 15. a4 {½-½ (41) Timofeev,A (2602)-Zvjaginsev,V (2635) Sochi 2019}) 10. Bb5 {[%emt 0:02:51]} Be7 {[%emt 0:01:06]} 11. c3 $146 {[%emt 0:07:46]} (11. Bxc6+ $5 bxc6 12. Nb3 $11) ({Predecessor:} 11. dxc5 Bxc5 12. Nb3 Bb6 13. c4 dxc4 14. Bxc4 O-O 15. Bxe6 fxe6 {1-0 (50) Gunina,V (2497)-Zhang,X (2318) China 2018}) 11... O-O {[%emt 0:00:40]} 12. dxc5 {[%emt 0:08:25]} Bxc5 {[%emt 0:00:57]} 13. Nb3 {[%emt 0:00:14]} Bb6 {[%emt 0:00:09]} 14. Bxc6 {[%emt 0:05:23]} (14. Bg5 $11) 14... bxc6 {[%emt 0:00:18]} 15. Nbd4 {[%emt 0:00:32]} Rfe8 {[%emt 0:06:26]} 16. h3 {[%emt 0:08:17]} Ne4 {[%emt 0:08:36]} 17. Be3 {[%emt 0:05:46]} Rad8 {[%emt 0:05:22]} 18. Qc1 {[%emt 0:11:53]} c5 {[%emt 0:07:45]} 19. Bf4 {[%emt 0:06:16]} Qb7 {[%emt 0:02:53]} 20. Nxe6 {[%emt 0:01:03]} Rxe6 {[%emt 0:00:44]} 21. Ng5 {[%emt 0:01:56]} Nxg5 {[%emt 0:01:11]} 22. Bxg5 {[%emt 0:00:21]} Rde8 {[%emt 0:00:26]} 23. Qd2 {[%emt 0:00:34]} h6 {[%emt 0:02:56]} 24. Bf4 {[%emt 0:01:05]} Qe7 {[%emt 0:01:33]} 25. Kf1 {[%emt 0:03:46]} Re4 {[%emt 0:08:43]} (25... d4 $15) 26. f3 {[%emt 0:03:31]} Rxe1+ {[%emt 0:02:30]} 27. Rxe1 {[%emt 0:00:32]} Qxe1+ {[%emt 0:00:07]} 28. Qxe1 {[%emt 0:00:15]} Rxe1+ {[%emt 0:00:02]} 29. Kxe1 {[%emt 0:00:10]} f6 {[%emt 0:00:57]} 30. Ke2 {[%emt 0:00:42]} Kf7 {[%emt 0:00:12]} (30... c4 $1 $11) 31. Kd3 {[%emt 0:03:57]} Ke6 {[%emt 0:00:17]} 32. b3 {[%emt 0:01:11]} Kf5 {[%emt 0:01:38]} 33. Bd2 {[%emt 0:01:10]} Ke6 {[%emt 0:06:57]} 34. a4 {[%emt 0:01:05]} Ke5 {[%emt 0:06:39]} 35. c4 {[%emt 0:04:45]} Bc7 {[%emt 0:05:41]} 36. Be1 {[%emt 0:03:19]} Ke6 {[%emt 0:01:55]} 37. b4 {[%emt 0:03:42]} Bd6 $2 {[%emt 0:07:19] [#]} (37... cxb4 $11 {and Black is okay.} 38. Bxb4 h5) 38. b5 {[%emt 0:00:27]} ({White has to play} 38. Bf2 $1 $18) 38... Bc7 {[%emt 0:00:52]} 39. a5 {[%emt 0:00:40]} d4 {[%emt 0:01:18]} 40. a6 {[%emt 0:00:50]} f5 {[%emt 0:02:06]} 41. Bd2 {[%emt 0:04:08]} Ke5 {[%emt 0:03:12]} 42. Bc1 {[%emt 0:04:55]} Ke6 {[%emt 0:01:01]} 43. Bd2 {[%emt 0:03:30]} Ke5 {[%emt 0:00:24]} 44. Bc1 {[%emt 0:05:20]} Ke6 {[%emt 0:00:12]} 45. Bd2 {[%emt 0:00:17]} 1/2-1/2

[Event "23rd Hoogeveen Open 2019"]
[Site "Hoogeveen"]
[Date "2019.10.22"]
[Round "5.30"]
[White "Boersma, Jan"]
[Black "Slagboom, Leandro"]
[Result "1/2-1/2"]
[WhiteElo "2070"]
[BlackElo "1954"]
[Annotator "NA"]
[PlyCount "31"]
[EventDate "2019.10.19"]
[EventType "swiss"]
[EventCountry "NED"]
[SourceTitle "playchess.com"]
[Source "ChessBase"]
[SourceQuality "1"]
[TimeControl "40/5400+30:1800+30"]

1. e4 {[%emt 0:00:00]} c5 {[%emt 0:00:00]} 2. Nf3 {[%emt 0:00:00]} d6 {[%emt 0:00:00]} 3. d4 {[%emt 0:00:00]} cxd4 {[%emt 0:00:00]} 4. Qxd4 {[%emt 0:00:00]} a6 {[%emt 0:00:00]} 5. c4 {[%emt 0:00:58]} Nc6 {[%emt 0:00:11]} 6. Qd1 {[%emt 0:00:05]} Nf6 {[%emt 0:00:38]} 7. Nc3 {[%emt 0:00:05]} Bg4 {[%emt 0:00:51]} 8. Be2 {[%emt 0:00:06]} g6 {[%emt 0:00:30]} 9. O-O {[%emt 0:00:07]} Bg7 {[%emt 0:00:23]} 10. Be3 {[%emt 0:00:12]} O-O {[%emt 0:01:07]} 11. Ne1 {[%emt 0:00:32]} Bxe2 {[%emt 0:01:56]} 12. Qxe2 {[%emt 0:00:04]} Rc8 {[%emt 0:05:12]} 13. Rc1 {[%emt 0:02:14]} Nd7 {[%emt 0:14:37]} 14. Nf3 $11 {[%emt 0:10:46]} Qa5 {[%emt 0:29:25]} 15. Rfd1 {[%emt 0:06:39]} Qh5 {[%emt 0:05:41]} 16. b3 {[%emt 0:16:24]} 1/2-1/2

[Event "23rd Hoogeveen Open 2019"]
[Site "Hoogeveen"]
[Date "2019.10.22"]
[Round "5.31"]
[White "Noordenbos, Daan"]
[Black "Stavast, Dick"]
[Result "0-1"]
[WhiteElo "2133"]
[BlackElo "2068"]
[Annotator "TA"]
[PlyCount "38"]
[EventDate "2019.10.19"]
[EventType "swiss"]
[EventCountry "NED"]
[SourceTitle "playchess.com"]
[Source "ChessBase"]
[SourceQuality "1"]

{[%evp 9,48,20,21,18,23,0,5,-20,-16,-20,-20,-70,-72,-60,-54,-85,-66,-92,-72,-110,-71,-135,-87,-91,-88,-112,-95,-174,-171,-251,-257,-250,-240,-564,-529,-879,-785,-29994,-29995,-29998,-29999]} 1. d4 d6 2. c4 e5 3. e3 Be7 4. Nc3 f5 5. Bd3 Nf6 6. Nge2 {A41: 1 d4 d6: Tartakower System and Modern Defence} O-O 7. a3 (7. O-O c6 8. f3 Na6 9. a3 Nc7 10. Qc2 g6 11. b4 {½-½ (42) Demidov,M (2520)-Ponkratov,P (2630) Khanty-Mansiysk 2018}) 7... c6 $146 ({Predecessor:} 7... c5 8. f3 Nc6 9. d5 Nb8 10. Qc2 g6 11. Bd2 Na6 12. h3 {½-½ (30) Figler,I-Popov,N Kishinev 1977}) 8. b3 {The position is equal.} e4 9. Bc2 d5 10. h4 Be6 11. Nf4 Bf7 12. Qe2 Na6 13. Bd2 Nc7 14. Na4 b6 15. Bc3 (15. Bb4 $142) 15... Ne6 16. Nxe6 Bxe6 17. c5 Bf7 18. Kd2 (18. Qd2 $17) 18... Bh5 $19 19. Qa6 (19. Qe1 {was called for.}) 19... f4 {Played: Nf6-g4} 0-1

[Event "23rd Hoogeveen Open 2019"]
[Site "Hoogeveen"]
[Date "2019.10.22"]
[Round "5.32"]
[White "Van der Velde, Henk"]
[Black "Fehr, Axel"]
[Result "1-0"]
[WhiteElo "2118"]
[BlackElo "2045"]
[Annotator "TA"]
[PlyCount "73"]
[EventDate "2019.10.19"]
[EventType "swiss"]
[EventCountry "NED"]
[SourceTitle "playchess.com"]
[Source "ChessBase"]
[SourceQuality "1"]

{[%evp 11,73,-4,-5,-2,0,0,7,0,0,0,45,43,64,35,41,47,31,36,47,43,34,30,74,55,93,85,83,73,95,99,97,100,107,66,119,84,85,100,94,97,95,101,152,128,124,117,202,138,285,150,286,286,240,261,543,534,1035,1004,1564,1281,29990,29991,29991,29992]} 1. c4 Nf6 2. g3 g6 3. Bg2 Bg7 4. Nc3 O-O 5. d3 d6 6. Bg5 h6 7. Bd2 {A16: English Opening: 1...Nf6 with ...d5} c6 (7... e5 8. e4 Nc6 9. Nge2 Nd7 10. O-O Nc5 11. Be3 a5 12. Qd2 Kh7 13. Rad1 Nd4 14. f4 Bg4 15. h3 Bxe2 16. Nxe2 c6 {½-½ (45) Valsecchi,A (2497)-Maze,S (2596) Stockholm 2019}) 8. e4 Na6 9. h3 {The position is equal.} e5 10. Nge2 Nc5 (10... d5 $5) 11. Be3 Ne6 $146 ({Predecessor:} 11... a5 12. O-O Bd7 13. d4 exd4 14. Bxd4 Re8 {0-1 (22) Bishop,N (2255)-Peli,G (2298) LSS email 2009}) 12. O-O Ng5 13. Kh2 Qd7 {[%cal Rg5h3]} 14. Ng1 Ne6 15. Qd2 h5 16. Nge2 h4 17. g4 Nh7 18. f4 exf4 19. Nxf4 Nd4 20. Qf2 c5 21. Nfd5 g5 22. Nb5 Be5+ (22... Nxb5 $14 23. cxb5 b6) 23. Kh1 {[%cal Rb5d4]} Nxb5 24. cxb5 b6 25. d4 cxd4 26. Bxd4 f6 ({Black should try} 26... Bxd4 27. Qxd4 Bb7) 27. Rac1 Qd8 28. Rc7 Bd7 (28... Be6 $16) 29. Rfc1 $36 {[%mdl 2048] White is really pushing.} Kh8 (29... Rf7 $16) 30. Bf1 ({White should play} 30. Rb7 $18) 30... Rc8 (30... Rf7 $16 31. Rxa7 {[%mdl 64] Remove Defender, Decoy} Rxa7 32. Bxb6 {[%mdl 64] Double Attack} Bg3) 31. Rxc8 $18 Bxc8 32. Rc7 Bd7 $2 {[#]} (32... f5) 33. Rxa7 Bxg4 34. hxg4 {Intending Qf5 and mate.} Qc8 35. Ne7 Qxg4 36. Ng6+ {[%mdl 64] [#] Double Attack} Kg8 37. Bc4+ {Accuracy: White = 73%, Black = 31%.} 1-0

[Event "23rd Hoogeveen Open 2019"]
[Site "Hoogeveen"]
[Date "2019.10.22"]
[Round "5.33"]
[White "Nicolai, Amir"]
[Black "Klaren, Duncan"]
[Result "1-0"]
[WhiteElo "2117"]
[BlackElo "1923"]
[Annotator "ChessBase"]
[PlyCount "71"]
[EventDate "2019.10.19"]
[EventType "swiss"]
[EventCountry "NED"]
[SourceTitle "playchess.com"]
[Source "ChessBase"]
[SourceQuality "1"]
[TimeControl "40/5400+30:1800+30"]

1. c4 {[%emt 0:00:00]} Nf6 {[%emt 0:00:00]} 2. Nc3 {[%emt 0:00:00]} g6 {[%emt 0:00:00]} 3. e4 {[%emt 0:00:00]} d6 {[%emt 0:00:00]} 4. d4 {[%emt 0:00:00]} Bg7 {[%emt 0:00:04]} 5. h3 {[%emt 0:00:00]} O-O {[%emt 0:00:26]} 6. Be3 {[%emt 0:00:01]} c5 {[%emt 0:00:55]} 7. Nf3 {[%emt 0:00:06]} Nbd7 {[%emt 0:12:38]} 8. d5 {[%emt 0:06:41]} b5 {[%emt 0:05:22]} 9. cxb5 {[%emt 0:01:48]} Qa5 {[%emt 0:03:03]} 10. Nd2 {[%emt 0:02:42]} a6 {[%emt 0:05:00]} 11. a4 {[%emt 0:05:08]} axb5 {[%emt 0:02:23]} 12. Bxb5 {[%emt 0:00:53]} Ba6 {[%emt 0:05:00]} 13. O-O {[%emt 0:00:26]} Bxb5 {[%emt 0:01:01]} 14. Nxb5 {[%emt 0:03:25]} Nb6 {[%emt 0:03:10]} 15. b3 {[%emt 0:15:25]} Rfc8 {[%emt 0:16:14]} 16. Rc1 {[%emt 0:01:15]} Nfd7 {[%emt 0:02:43]} 17. Bg5 {[%emt 0:17:26]} Kf8 {[%emt 0:02:24]} 18. Qg4 {[%emt 0:04:57]} Ne5 {[%emt 0:22:30]} 19. Qh4 {[%emt 0:04:28]} f6 {[%emt 0:00:31]} 20. Qxh7 {[%emt 0:03:42]} fxg5 {[%emt 0:04:03]} 21. f4 {[%emt 0:00:23]} Nf7 {[%emt 0:00:31]} 22. fxg5 {[%emt 0:00:24]} Qxd2 {[%emt 0:05:12]} 23. Qxg6 {[%emt 0:08:29]} Kg8 {[%emt 0:00:24]} 24. Qxf7+ {[%emt 0:00:13]} Kh8 {[%emt 0:00:04]} 25. Qh5+ {[%emt 0:00:17]} Kg8 {[%emt 0:00:03]} 26. Kh1 {[%emt 0:13:02]} Rf8 {[%emt 0:03:53]} 27. Nc7 {[%emt 0:00:21]} Rxf1+ {[%emt 0:01:27]} 28. Rxf1 {[%emt 0:00:03]} Rf8 {[%emt 0:00:06]} 29. Rxf8+ {[%emt 0:00:19]} Bxf8 {[%emt 0:00:05]} 30. Qg6+ {[%emt 0:01:22]} Bg7 {[%emt 0:00:46]} 31. Ne6 {[%emt 0:00:16]} Qc3 {[%emt 0:00:51]} 32. a5 {[%emt 0:03:31]} Nc8 {[%emt 0:02:48]} 33. Qxg7+ {[%emt 0:01:23]} Qxg7 {[%emt 0:00:07]} 34. Nxg7 {[%emt 0:00:04]} Kxg7 {[%emt 0:00:24]} 35. h4 {[%emt 0:00:45]} Kg6 {[%emt 0:00:19]} 36. Kh2 {[%emt 0:00:40]} 1-0

[Event "23rd Hoogeveen Open 2019"]
[Site "Hoogeveen"]
[Date "2019.10.22"]
[Round "5.34"]
[White "Hoffman, Ron"]
[Black "Gijsen, William"]
[Result "1-0"]
[WhiteElo "1991"]
[BlackElo "2091"]
[Annotator "NA RC"]
[PlyCount "101"]
[EventDate "2019.10.19"]
[EventType "swiss"]
[EventCountry "NED"]
[SourceTitle "playchess.com"]
[Source "ChessBase"]
[SourceQuality "1"]
[TimeControl "40/5400+30:1800+30"]

1. Nf3 {[%emt 0:00:00]} c5 {[%emt 0:00:00]} 2. c4 {[%emt 0:00:00]} g6 {[%emt 0:00:13]} 3. Nc3 {[%emt 0:00:34]} Bg7 {[%emt 0:00:08]} 4. e3 {[%emt 0:00:22]} Nf6 {[%emt 0:00:59]} 5. d4 {[%emt 0:00:29]} cxd4 {[%emt 0:00:12]} 6. exd4 {[%emt 0:00:08]} O-O {[%emt 0:03:12]} 7. Bg5 {[%emt 0:10:36]} d6 {[%emt 0:07:50]} 8. Be2 {[%emt 0:01:51]} h6 {[%emt 0:06:36]} 9. Bh4 {[%emt 0:00:50]} Bg4 {[%emt 0:09:49]} 10. O-O {[%emt 0:15:10] E61: King's Indian: Early deviations for White, including Smyslov System} Nc6 {[%emt 0:04:46]} 11. d5 {[%emt 0:07:57]} Bxf3 {[%emt 0:00:26]} 12. Bxf3 {[%emt 0:00:15]} Ne5 {[%emt 0:00:21]} 13. Be2 {[%emt 0:00:35]} Rc8 {[%emt 0:00:44]} 14. b3 {[%emt 0:02:42]} Qa5 {[%emt 0:11:37]} 15. Nb5 $146 {[%emt 0:08:44]} ({Predecessor:} 15. Rc1 a6 16. f4 Ned7 17. Be1 Qa3 {1-0 (40) Hayrapetyan,H (2486)-Navarrete Espi,S (2214) Barbera del Valles 2013}) 15... g5 {[%emt 0:04:35]} 16. Bg3 {[%emt 0:06:34]} Ne4 {[%emt 0:00:28]} 17. Nd4 {[%emt 0:01:08]} Nd2 {[%emt 0:08:43]} 18. Nf5 {[%emt 0:13:16]} Nxf1 {[%emt 0:02:27]} 19. Nxe7+ {[%emt 0:01:47]} Kh8 {[%emt 0:00:43]} 20. Bxf1 {[%emt 0:01:37]} Rcd8 {[%emt 0:02:49]} (20... Ra8 $16 {keeps fighting.}) 21. Nf5 {[%emt 0:00:43]} Ng6 {[%emt 0:10:30]} 22. Bxd6 {[%emt 0:14:51]} Rxd6 {[%emt 0:04:38]} 23. Nxd6 {[%emt 0:00:16]} Bxa1 {[%emt 0:02:40]} 24. Qxa1+ {[%emt 0:00:06]} f6 {[%emt 0:00:13]} 25. Qb1 {[%emt 0:05:24]} Ne5 {[%emt 0:03:25]} 26. Nf5 {[%emt 0:03:48]} Qd2 {[%emt 0:01:23]} 27. Qe4 {[%emt 0:02:12]} Rf7 {[%emt 0:05:48]} 28. Nxh6 {[%emt 0:00:53]} Rh7 {[%emt 0:02:03]} 29. Ng4 {[%emt 0:00:34]} Nxg4 {[%emt 0:01:04]} 30. Qxg4 {[%emt 0:00:01]} Re7 {[%emt 0:00:10]} 31. Qf5 {[%emt 0:00:26]} Kg7 {[%emt 0:00:19]} 32. g3 {[%emt 0:00:09]} Qd4 {[%emt 0:00:58]} 33. Bd3 {[%emt 0:01:05]} Kf8 {[%emt 0:01:06] [#]} 34. Kg2 {[%emt 0:00:21]} (34. c5 $1 $18 Qxc5 35. Qxf6+ Ke8 36. Qxg5) 34... Qe5 {[%emt 0:01:15]} 35. Qxe5 {[%emt 0:01:05]} Rxe5 {[%emt 0:00:25]} 36. g4 {[%emt 0:00:51]} Re1 {[%emt 0:00:37]} 37. a4 {[%emt 0:00:24]} Ke7 {[%emt 0:01:17]} 38. c5 {[%emt 0:00:56]} a5 {[%emt 0:00:43]} 39. Kf3 {[%emt 0:00:00]} Rc1 {[%emt 0:01:04]} 40. Bc4 {[%emt 0:00:41]} Rc3+ $2 {[%emt 0:00:12]} (40... Rg1 $11 {and Black is okay.}) 41. Ke4 {[%emt 0:08:42]} Rh3 {[%emt 0:00:50]} 42. d6+ {[%emt 0:02:18]} Kd8 {[%emt 0:01:48]} 43. Bd5 {[%emt 0:01:11]} Rxh2 {[%emt 0:01:20]} 44. Bxb7 {[%emt 0:01:37]} Rxf2 {[%emt 0:00:41]} 45. c6 {[%emt 0:00:39]} f5+ {[%emt 0:03:10]} 46. gxf5 {[%emt 0:00:33]} Rc2 {[%emt 0:00:27]} 47. c7+ {[%emt 0:00:34]} Kd7 {[%emt 0:00:30]} 48. c8=Q+ {[%emt 0:00:35]} Rxc8 {[%emt 0:00:36]} 49. Bxc8+ {[%emt 0:00:10]} Kxc8 {[%emt 0:00:07]} 50. f6 {[%emt 0:00:16]} Kd7 {[%emt 0:00:34]} 51. f7 {[%emt 0:00:13]} 1-0

[Event "23rd Hoogeveen Open 2019"]
[Site "Hoogeveen"]
[Date "2019.10.22"]
[Round "5.35"]
[White "Labruyere, Roger"]
[Black "Vogel, Jaap"]
[Result "0-1"]
[WhiteElo "1932"]
[BlackElo "2123"]
[Annotator "TA"]
[PlyCount "68"]
[EventDate "2019.10.19"]
[EventType "swiss"]
[EventCountry "NED"]
[SourceTitle "playchess.com"]
[Source "ChessBase"]
[SourceQuality "1"]

{[%evp 17,68,17,20,20,20,-18,-20,-53,-39,-50,-44,-92,-89,-176,-187,-189,-130,-206,-207,-204,-197,-204,-184,-172,-187,-216,-178,-189,-158,-150,-94,-97,-87,-89,-49,-50,-51,-351,-316,-669,-405,-529,-409,-671,-670,-701,-721,-1113,-789,-1157,-1160,-2669,-1689]} 1. d4 Nf6 2. c4 e6 3. Nf3 b6 4. g3 Bb7 5. Bg2 c6 6. O-O Be7 7. Nc3 d5 8. Ne5 Nbd7 9. Bf4 O-O 10. e4 {E16: Queen's Indian: 4 g3 Bb7 5 Bg2 Bb4+} Nxe5 (10... dxe4 11. Nxe4 Nxe5 12. Nxf6+ Bxf6 13. dxe5 Be7 14. h4 Qxd1 15. Rfxd1 Rfd8 16. a3 Kf8 17. b4 Ke8 {1-0 (30) Vallejo Pons,F (2717)-Karthikeyan,M (2579) Tbilisi 2017}) 11. Bxe5 dxc4 12. Qe2 {The position is equal.} b5 $146 ({Predecessor:} 12... c5 13. d5 exd5 14. exd5 Bd6 15. f4 a6 16. a4 Re8 17. Rae1 Qc7 18. Qxc4 {1-0 (43) Olszewski,M (2138)-Janovsky,J Chalkidiki 2001}) 13. Rfd1 Qb6 14. h3 Rfd8 15. Qe3 {[#]} (15. b3 $17) 15... Nd7 $1 $19 16. Bf4 e5 (16... c5 $19 17. dxc5 Nxc5) 17. Bxe5 (17. dxe5 $17 Qxe3 18. Bxe3) 17... Nxe5 18. dxe5 Qxe3 19. fxe3 Rxd1+ 20. Rxd1 {next Rd7 is good for White.} Rd8 21. Rd4 Kf8 22. Kf2 Ke8 23. e6 fxe6 (23... b4 $142 {And now ...Rxd4 would win.} 24. Ne2 c5 25. Rxd8+ Bxd8) 24. e5 $17 a6 25. a4 b4 $36 {[%mdl 2048] Black has good play.} 26. Ne4 c5 27. Rxd8+ $4 {[%mdl 8192] [#]} ({White should play} 27. Rxc4 $15 Bxe4 28. Bxe4) 27... Kxd8 $15 {[%mdl 4096] Endgame KBB-KBN} 28. Kf3 $2 (28. Bf3) 28... Bd5 29. Bf1 g5 30. Be2 (30. Bg2 $142 c3 31. bxc3 bxc3 32. Ke2) 30... Kc7 $19 {Black is clearly winning.} 31. Bd1 b3 32. Be2 Kb6 33. Bf1 Ka5 34. Bg2 c3 {Accuracy: White = 17%, Black = 79%.} 0-1

[Event "23rd Hoogeveen Open 2019"]
[Site "Hoogeveen"]
[Date "2019.10.22"]
[Round "5.36"]
[White "Merkon, Oseb"]
[Black "Mijnster, Niels"]
[Result "1-0"]
[WhiteElo "1930"]
[BlackElo "2145"]
[Annotator "TA"]
[PlyCount "107"]
[EventDate "2019.10.19"]
[EventType "swiss"]
[EventCountry "NED"]
[SourceTitle "playchess.com"]
[Source "ChessBase"]
[SourceQuality "1"]

{[%evp 15,107,0,29,0,24,-51,-57,-65,-65,-52,-24,-43,-15,-29,-9,-20,0,-52,-58,-52,0,0,0,-27,-10,-9,-12,0,55,10,0,0,8,2,87,83,84,82,82,85,150,53,60,66,50,14,150,149,158,87,96,91,87,74,337,348,342,350,281,309,380,378,439,413,502,480,539,374,556,493,468,408,1991,1757,6606,5709,29990,29991,29989,29990,29994,29990,29995,29988,29992,29993,29993,29994,29994,29995,29995,29996,29998,29999]} 1. c4 Nf6 2. Nc3 c5 3. g3 Nc6 4. Bg2 g6 5. d3 Bg7 6. e4 d6 7. Nge2 O-O 8. O-O Bd7 9. Be3 {A36: Symmetrical English vs ...g6: 4 Bg2 Bg7} (9. a3 Ne8 10. Rb1 a5 11. Be3 Nd4 12. b4 axb4 13. axb4 b6 14. Qd2 Nc7 15. f4 Ra3 16. f5 Nxe2+ 17. Nxe2 {0-1 (72) Saric,I (2618)-Theodorou,N (2495) Minsk 2017}) 9... Qc8 10. d4 $146 (10. f3 $11) ({Predecessor:} 10. Rb1 Bh3 11. a3 Bxg2 12. Kxg2 Ng4 13. Bf4 a5 14. Nd5 Qd8 15. Nec3 Nf6 16. Qd2 e6 17. Nxf6+ Bxf6 {½-½ (61) Wertz,C (1697)-Koetters,M (1781) Blankenberge 2015}) 10... Ng4 $15 11. b3 {Black is slightly better.} Nxe3 12. fxe3 Bh3 13. Rc1 Bxg2 14. Kxg2 Bh6 15. Nf4 Bg7 {[%cal Rc5d4]} 16. d5 (16. Nfe2 $11) 16... Ne5 17. h3 g5 (17... Nd7 $15) 18. Nh5 Bh8 19. g4 Qd7 20. Ne2 Ng6 21. Neg3 {White wants to play Nf5.} e6 (21... Be5 $11) 22. Rc2 Qe7 23. Rcf2 Be5 24. Nf6+ Bxf6 (24... Kh8 $11) 25. Rxf6 $16 Nf4+ 26. R6xf4 gxf4 27. exf4 Kh8 (27... b6 $142) 28. Qa1+ ({White should try} 28. e5 $16) 28... f6 $14 29. dxe6 Qxe6 30. Qd1 a5 (30... b5 $11 {keeps the balance.}) 31. a4 $1 $16 Rg8 32. Qd5 ({White should play} 32. Qf3) 32... Qxd5 33. exd5 {[%mdl 4096] Endgame KRR-KRN} Rge8 {[#]} 34. Kf3 $1 {[%mdl 1024] White has strong compensation.} Rad8 $2 {[%mdl 8192] [#]} (34... Ra6 $16 {was necessary.}) 35. Nh5 $1 $18 {[%cal Rh5f6]} Rf8 36. Re1 f5 37. Re6 Kg8 38. Ng3 fxg4+ 39. hxg4 Rfe8 40. Nf5 b6 41. Ke4 Kf7 (41... Kf8 {was worth a try.} 42. Kf3 Kg8) 42. Nh6+ Kg7 {Hoping for ...Rxe6+.} 43. g5 Rxe6+ (43... Kf8 $142 44. f5 b5 45. axb5 Rd7) 44. dxe6 {KR-KN} b5 45. e7 d5+ 46. cxd5 {White mates.} Re8 47. d6 c4 48. Kd4 cxb3 49. Kc3 bxa4 50. d7 Rxe7 51. d8=Q {[%csl Gh6][%cal Rd8g8][%mdl 64] Double Attack} Re3+ {[#]} 52. Kd4 $1 {[%csl Gh6][%cal Rd8g8]} Kg6 53. Kxe3 b2 54. Qe8+ {[%mdl 64] Double Attack. Accuracy: White = 56%, Black = 29%.} 1-0